| 000 | 00729cab a2200241 4500 | ||
|---|---|---|---|
| 001 | W5280 | ||
| 008 | 090401t1993 xxu||||| |||| 00| 0 eng d | ||
| 035 | _a(Sirsi) u71010 | ||
| 041 | _aeng | ||
| 100 | _aMcIntosh, Angus | ||
| 245 | _aPace of change | ||
| 260 | _c1993 | ||
| 350 | _a0 | ||
| 490 |
_aCSW - The Property Week _v43(13) 24 June 1993, 62(1) |
||
| 520 | _aDiscusses how the Eastern European property markets are coping with the transition from the initial euphoria of freedom to the western style orderly market economy. | ||
| 650 | _aEASTERN EUROPE | ||
| 650 | _aECONOMICS | ||
| 650 | _aMARKET ECONOMY | ||
| 690 | _aECONOMIC AND SOCIAL | ||
| 690 | _aOVERSEAS-EUROPE | ||
| 942 | _n0 | ||
| 948 | _c04/03/1997 | ||
| 999 |
_c44740 _d44740 |
||